Vatikán a genocída slovenských Židov

Bibliographic Details
Main Author: Mlynárik, Ján, 1933-2012 (Author)
Format: Article
Language:Slovak
Subjects:

MARC

LEADER 00000nab a2200000 a 4500
001 vtls000386133
003 SK-MaSNL
005 20260426074506.0
008 150205c1990 xo 0 slo
015 |a SNBRB19rr/mm-uuuuu 
035 |a CL0386256 
040 |a SNKBUCL  |b slo  |c SNKBUCL  |e AACR2 
041 0 |a slo 
044 |a xo  |c SK 
080 |a 943.76:323.12(=924)  |2 1981 
080 |a 323.12(=924)  |2 1981 
100 1 |a Mlynárik, Ján,  |d 1933-2012  |4 aut  |9 205423 
245 1 0 |a Vatikán a genocída slovenských Židov  |c Ján Mlynárik 
650 0 7 |a Židia  |z Slovensko  |2 snkbucl  |9 16175 
651 7 |a Slovensko (1939-1945)  |2 snkbucl  |9 172088 
651 7 |a Vatikán  |2 snkbucl  |9 31476 
655 7 |a články z novín a časopisov  |2 snkbucl  |9 267496 
773 0 |t Kultúrny život  |g Roč. 24, č. 7 (1990), s. 8 a 15 
850 |a Slovenská národná knižnica v Martine  |a MTA001 
852 |a SNK  |b KIS3GCP 
958 |a RK 
992 |a RBX 
999 |c 2739655  |d 2741585